All 40 Home Run Hitters in Boston Red Sox History - Statistics

General Stats
  • This quiz has been taken 233 times
  • The average score is 7 of 11
Answer Stats
Years Player % Correct
2004, 2005, 2006 David Ortiz
98%
1949 Ted Williams
95%
2001, 2004, 2005 Manny Ramirez
89%
1967, 1969, 1970 Carl Yastrzemski
87%
1978 Jim Rice
78%
1996, 1998 Mo Vaughn
66%
2018 J. D. Martinez
64%
1936, 1938 Jimmie Foxx
63%
1984 Tony Armas
37%
1969 Rico Petrocelli
32%
1963 Dick Stuart
16%
No matching quizzes found
Score Distribution
Percent of People with Each Score
Percentile by Number Answered
Your Score History
You have not taken this quiz